Hamric And Hanson'S Advanced Practice Nursing An Integrative Approach (Record no. 35966)

MARC details
000 -LEADER
fixed length control field 00440nam a22001577a 4500
003 - CONTROL NUMBER IDENTIFIER
control field OSt
005 - DATE AND TIME OF LATEST TRANSACTION
control field 20240202093500.0
008 - FIXED-LENGTH DATA ELEMENTS--GENERAL INFORMATION
fixed length control field 240202b |||||||| |||| 00| 0 eng d
020 ## - INTERNATIONAL STANDARD BOOK NUMBER
International Standard Book Number 978-0-323-77711-7
040 ## - CATALOGING SOURCE
Original cataloging agency DDC
Transcribing agency HU
082 ## - DEWEY DECIMAL CLASSIFICATION NUMBER
Edition number 7th
Classification number 610.73
Item number 3
100 ## - MAIN ENTRY--PERSONAL NAME
Personal name Mary Fran Tracy
9 (RLIN) 37482
245 ## - TITLE STATEMENT
Title Hamric And Hanson'S Advanced Practice Nursing An Integrative Approach
260 ## - PUBLICATION, DISTRIBUTION, ETC.
Place of publication, distribution, etc. India
Name of publisher, distributor, etc. Elsevier,Inc.
Date of publication, distribution, etc. 2023
942 ## - ADDED ENTRY ELEMENTS (KOHA)
Source of classification or shelving scheme Dewey Decimal Classification
Koha item type Books like text book referance book
Suppress in OPAC No
Holdings
Withdrawn status Lost status Source of classification or shelving scheme Damaged status Not for loan Home library Current library Date acquired Total Checkouts Full call number Barcode Date last seen Copy number Price effective from Koha item type
    Dewey Decimal Classification     College of Medicine and Health’s Sciences Library College of Medicine and Health’s Sciences Library 02/02/2024   610.73,Tra,2023,C-1 CMHSL00012148 02/02/2024 1 02/02/2024 Books like text book referance book
    Dewey Decimal Classification     College of Medicine and Health’s Sciences Library College of Medicine and Health’s Sciences Library 02/02/2024   610.73,Tra,2023,C-1 CMHSL00012149 02/02/2024 2 02/02/2024 Books like text book referance book
    Dewey Decimal Classification     College of Medicine and Health’s Sciences Library College of Medicine and Health’s Sciences Library 02/02/2024   610.73,Tra,2023,C-1 CMHSL00012150 02/02/2024 3 02/02/2024 Books like text book referance book